000 00347nam a2200133Ia 4500
008 150202s9999 xx 000 0 und d
020 _a330305727
050 _aFIC
_bFIC
100 _aCollins, Jackie.
245 _aRock star /
_cJackie Collins.
260 _aLondon :
_bPan Books,
_c1988.
300 _a463 pages :
_c18 cm.
650 _aFiction.
999 _c281936
_d281936